BD Chaurasia's Human Anatomy (Record no. 1696)
[ view plain ]
| 000 -LEADER | |
|---|---|
| Fixed length control field | 00712nam a2200217Ia 4500 |
| 003 - CONTROL NUMBER IDENTIFIER | |
| Control field | IIN |
| 005 - DATE AND TIME OF LATEST TRANSACTION | |
| Control field | 20250325125258.0 |
| 008 - FIXED-LENGTH DATA ELEMENTS--GENERAL INFORMATION | |
| Fixed length control field | 250325s9999 xx ad 001 0 eng d |
| 020 ## - INTERNATIONAL STANDARD BOOK NUMBER / ISBN | |
| Price | Rs.1195.00 |
| International Standard Book Number | 9789354669439 |
| 040 ## - CATALOGING SOURCE | |
| Original cataloging agency | IIN |
| Language of cataloging | English |
| 082 ## - DEWEY DECIMAL CLASSIFICATION NUMBER | |
| Classification number | 611 |
| Book Number | CHA |
| 100 1# - MAIN ENTRY--PERSONAL NAME | |
| Personal name | Chaurasia, BD |
| 245 1# - TITLE STATEMENT | |
| Title | BD Chaurasia's Human Anatomy |
| Sub title | Regional and Applied Dissection and Clinical Brain-Neuroanatomy |
| Statement of responsibility | BD Chaurasia |
| 250 ## - EDITION STATEMENT | |
| Edition statement | 10th ed |
| 260 ## - IMPRINT | |
| Name of publisher | CBS |
| Place of publication | New Delhi |
| Date of publication | 2025 |
| 300 ## - PHYSICAL DESCRIPTION | |
| Page / Vol. No | xiv, 199 p./ V. 4 |
| Other physical details | col. ill. |
| Accompanying material | Workbook of Human Anatomy Head and Neck, Brain-Neuroanatomy |
| 500 ## - GENERAL NOTE | |
| General note | V. 4: Brain-Neuroanatomy |
| 650 1# - SUBJECT ADDED ENTRY--TOPICAL TERM | |
| Topical term | Anatomy |
| General subdivision | Human Anatomy |
| 650 1# - SUBJECT ADDED ENTRY--TOPICAL TERM | |
| Topical term | Neuroanatomy |
| 942 ## - ADDED ENTRY ELEMENTS (KOHA) | |
| Koha item type | Books |
| Withdrawn status | Lost status | Source of classification | Damaged status | Not for loan | Collection code | Home library | Current library | Shelving location | Date acquired | Price | Total Checkouts | Call number | Accession number | Date last seen | Price effective from | Koha item type |
|---|---|---|---|---|---|---|---|---|---|---|---|---|---|---|---|---|
| Dewey Decimal Classification | Purches Book(set price) | IDEAL INSTITUTE OF NURSING | IDEAL INSTITUTE OF NURSING | General Stacks | 11/03/2025 | 1195.00 | 611 CHA | 1808 | 25/03/2025 | 25/03/2025 | Books |
